| 000 | 00909nam a22002057a 4500 | ||
|---|---|---|---|
| 999 |
_c9438 _d9438 |
||
| 003 | AR-CdUCM | ||
| 008 | 190328b ||||| |||| 00| 0 spa d | ||
| 040 |
_aMUNICIPALIDAD PROVINCIAL DEL CUSCO _cBIBLIOTECA MUNICIPAL DEL CUSCO |
||
| 082 |
_a868.5 / _bT33O / 1854 |
||
| 100 |
_aTejado, Don Gavino _925623 |
||
| 245 |
_aObras de Don Juan Donoso Cortés : _bMarques de Valdegamas, ordenadas y precedidas de una noticia biográfica / |
||
| 260 |
_aMadrid : _bDe Tejado, _c1854. |
||
| 300 |
_a347 páginas ; _c24 cm. |
||
| 505 | _aContenido: Discurso de apertura del colegio de humanidades de Cáceres -- Consideraciones sobre la diplomacia y su influencia en el estado político y social de Europa -- Lecciones de derecho político pronunciadas en el ateneo de Madrid ... | ||
| 650 |
_aLiteratura española _9362 |
||
| 650 |
_aSiglo XVIII _9837 |
||
| 650 |
_aObras _96865 |
||
| 942 |
_2ddc _cLIBROS |
||
| 945 | _aachl | ||